| 000 | 00517nam a2200169 i 4500 | ||
|---|---|---|---|
| 001 | 50861 | ||
| 003 | ES-MaACL | ||
| 005 | 20230906162242.0 | ||
| 007 | t| | ||
| 008 | 030807s1970 sp ||||1| spa d | ||
| 100 | 1 |
_aCuénot, Claude. _9164728 |
|
| 245 | 1 | 0 |
_aNuevo léxico Teilhard de Chardin / _cClaude Cuenot ; versión Francisco Pérez Gutiérrez. |
| 260 |
_a[Madrid] : _bTaurus, _c[1970] |
||
| 300 |
_a310 p. ; _c22 cm. |
||
| 700 | 1 |
_aPérez Gutiérrez, Francisco. _990927 |
|
| 852 |
_aES-MaACL _jC-38619 _bR.74711 |
||
| 999 |
_c50861 _d50861 |
||